000 00621nam a22002057a 4500
003 BPGM
005 20260630211312.0
008 260630b1989 mx o|||| |||| 001 0 spa d
040 _aBPGM
_bspa
041 _aspa
_hspa
082 0 4 _a700 /
_b062
100 _aBLANCO FIGUEROA, FRANCISCO
245 _aQUERETARO EN LA CULTURA Y LAS ARTES
_bMEMORIA 1985-1989
260 _aQUERETARO;
_bGOBIERNO DEL ESTADO DE QUERETARO
_c1989.
300 _a237 páginas
_c27.5 cm x 21.3 cm
336 _2rdacontent
_atexto
_btxt
337 _2rdamedia
_asin mediación
_bn
338 _2rdacarrier
_avolumen
_bnc
942 _2ddc
_cCOLQ
999 _c68727
_d68727